000 01201nam0a22002771 4500
001 rc\4591345
005 20260406205315.0
021 _aRU
_b[68-85551]
035 _a(NLR Aleph) 008661661
090 _a9065147
_c9065147
100 _a20130416d1968 |||y0rusy50 ca
101 0 _arus
102 _aRU
105 _aa c |||||
200 1 _aМетодические указания по использованию метода реографии для определения минутного объема крови
_fСост. канд. мед. наук Б.Д. Зислин и канд. мед. наук В.В. Суворов
_gМ-во здравоохранения РСФСР. Свердл. науч.-исслед. ин-т туберкулеза
210 _aСвердловск
_cБ. и.
_d1968
215 _a8 с.
_cчерт.
_d19
606 _aПульс
_xОпределение
_2psbo
702 1 _aЗислин
_bБ.Д.
_4220
702 1 _aСуворов
_bВ.В.
_4220
712 0 2 _aСвердловский НИИ туберкулеза
_9428057
_3RU\NLR\AUTH\889965883
801 0 _aRU
_bNLR
_gpsbo
801 1 _aRU
_bELAR
_2rusmarc
852 _aNLR
_j68-4/22949
942 _cBOOK
980 _aNB